01571nam a2200205Ia 4500008004100000020001800041040001800059041000800077245014300085260006500228300002200293504003900315505085200354650002301206650002301229650002401252650003601276700002801312700002501340130821s2012 xxu gr eng  a9780231154260 aCo-BoUCMbspa00aeng00aWhatever happened to the Islamists? Salafis, heavy metal Muslims and the lure of consumerist IslamcOlivier Roy, Amel Boubekeur, editores aNueva York (Estados Unidos)bColumbia Universtiy Pressc2012 aix, 333 páginas aIncluye bibliografía e índice.0 aWhat have old Islamist ideas become? is 'Islamism' a neo-Orientalist plot? / Olivier Roy -- The problem of the political in Islamist movements / Roel Meijer -- Turkey: between post-Islamism and post-Kemalism / Jean Marcou -- The new trend of the Muslim Brotherhood in Egypt / Mohamed Mosaad Abdel Aziz -- New Islamist Landscapes. Reinventing political Islam: the disengagement of European Islamists / Amel Boubekeur -- Political Islam in West Africa from the 1980s to the present / Muriel Gomez -- The 'other' political Islam: understanding Salafi politics / Martin de Koning -- From Revolution to pop music. Veiled artists in Egypt / Valentina Frate -- Heavy metal Muslims: the rise of a post-Islamist public sphere / Mark Levine -- Beyond Islamism at work: corporate Islam in Malaysia -- / Patricia Sloane-White -- Postface / Fre**de**ric volpi.04aCiencia política04aIslam y política04aIslam y secularismo04aIslamismoxAspectos políticos1 aBoubekeur, Ameleeditor1 aRoy, Oliviereeditor